000
00227nam a22000857a 4500
008
160711b xxu||||| |||| 00| 0 eng d
100
_9
2523
_a
Khan A.Q
245
_a
Power of Knowledge-5
260
_a
New Delhi
_b
Angel International
_c
2005
999
_c
2190
_d
2190